<?xml version="1.0" encoding="UTF-8"?>
<record
    xmlns:xsi="http://www.w3.org/2001/XMLSchema-instance"
    xsi:schemaLocation="http://www.loc.gov/MARC21/slim http://www.loc.gov/standards/marcxml/schema/MARC21slim.xsd"
    xmlns="http://www.loc.gov/MARC21/slim">

  <leader>00437nam a22001817a 4500</leader>
  <controlfield tag="003">Ost</controlfield>
  <controlfield tag="005">20220826214129.0</controlfield>
  <controlfield tag="008">220826b        |||||||| |||| 00| 0 eng d</controlfield>
  <datafield tag="020" ind1=" " ind2=" ">
    <subfield code="a">NA</subfield>
  </datafield>
  <datafield tag="040" ind1=" " ind2=" ">
    <subfield code="c">BT-PhCST</subfield>
  </datafield>
  <datafield tag="050" ind1=" " ind2=" ">
    <subfield code="a">4136</subfield>
  </datafield>
  <datafield tag="082" ind1=" " ind2=" ">
    <subfield code="2">22</subfield>
    <subfield code="a">621.312</subfield>
  </datafield>
  <datafield tag="100" ind1=" " ind2=" ">
    <subfield code="a">Taylor, E. Openshaw and Rao, V. V. L.</subfield>
  </datafield>
  <datafield tag="245" ind1=" " ind2=" ">
    <subfield code="a">Utilisation of electric energy /</subfield>
  </datafield>
  <datafield tag="260" ind1=" " ind2=" ">
    <subfield code="b">Orient Longman,</subfield>
    <subfield code="c">c2002.</subfield>
  </datafield>
  <datafield tag="300" ind1=" " ind2=" ">
    <subfield code="a">0</subfield>
    <subfield code="b">ill. ;</subfield>
  </datafield>
  <datafield tag="942" ind1=" " ind2=" ">
    <subfield code="2">ddc</subfield>
    <subfield code="c">EE</subfield>
  </datafield>
  <datafield tag="999" ind1=" " ind2=" ">
    <subfield code="c">1580</subfield>
    <subfield code="d">1580</subfield>
  </datafield>
  <datafield tag="952" ind1=" " ind2=" ">
    <subfield code="0">0</subfield>
    <subfield code="1">0</subfield>
    <subfield code="2">ddc</subfield>
    <subfield code="4">0</subfield>
    <subfield code="7">0</subfield>
    <subfield code="a">LIB001</subfield>
    <subfield code="b">LIB001</subfield>
    <subfield code="d">2014-06-27</subfield>
    <subfield code="g">189.00</subfield>
    <subfield code="l">0</subfield>
    <subfield code="o">621.312</subfield>
    <subfield code="p">5741</subfield>
    <subfield code="r">2014-06-27 00:00:00</subfield>
    <subfield code="t">1</subfield>
    <subfield code="v">428.00</subfield>
    <subfield code="w">2014-06-27</subfield>
    <subfield code="y">EE</subfield>
  </datafield>
  <datafield tag="952" ind1=" " ind2=" ">
    <subfield code="0">0</subfield>
    <subfield code="1">0</subfield>
    <subfield code="2">ddc</subfield>
    <subfield code="4">0</subfield>
    <subfield code="7">0</subfield>
    <subfield code="a">LIB001</subfield>
    <subfield code="b">LIB001</subfield>
    <subfield code="d">2014-06-27</subfield>
    <subfield code="g">189.00</subfield>
    <subfield code="l">0</subfield>
    <subfield code="o">621.312</subfield>
    <subfield code="p">5742</subfield>
    <subfield code="r">2014-06-27 00:00:00</subfield>
    <subfield code="t">1</subfield>
    <subfield code="v">428.00</subfield>
    <subfield code="w">2014-06-27</subfield>
    <subfield code="y">EE</subfield>
  </datafield>
  <datafield tag="952" ind1=" " ind2=" ">
    <subfield code="0">0</subfield>
    <subfield code="1">0</subfield>
    <subfield code="2">ddc</subfield>
    <subfield code="4">0</subfield>
    <subfield code="7">0</subfield>
    <subfield code="a">LIB001</subfield>
    <subfield code="b">LIB001</subfield>
    <subfield code="d">2014-06-27</subfield>
    <subfield code="g">189.00</subfield>
    <subfield code="l">0</subfield>
    <subfield code="o">621.312</subfield>
    <subfield code="p">5743</subfield>
    <subfield code="r">2014-06-27 00:00:00</subfield>
    <subfield code="t">1</subfield>
    <subfield code="v">428.00</subfield>
    <subfield code="w">2014-06-27</subfield>
    <subfield code="y">EE</subfield>
  </datafield>
  <datafield tag="952" ind1=" " ind2=" ">
    <subfield code="0">0</subfield>
    <subfield code="1">0</subfield>
    <subfield code="2">ddc</subfield>
    <subfield code="4">0</subfield>
    <subfield code="7">0</subfield>
    <subfield code="a">LIB001</subfield>
    <subfield code="b">LIB001</subfield>
    <subfield code="d">2014-06-27</subfield>
    <subfield code="g">189.00</subfield>
    <subfield code="l">0</subfield>
    <subfield code="o">621.312</subfield>
    <subfield code="p">5744</subfield>
    <subfield code="r">2014-06-27 00:00:00</subfield>
    <subfield code="t">1</subfield>
    <subfield code="v">428.00</subfield>
    <subfield code="w">2014-06-27</subfield>
    <subfield code="y">EE</subfield>
  </datafield>
  <datafield tag="952" ind1=" " ind2=" ">
    <subfield code="0">0</subfield>
    <subfield code="1">0</subfield>
    <subfield code="2">ddc</subfield>
    <subfield code="4">0</subfield>
    <subfield code="7">0</subfield>
    <subfield code="a">LIB001</subfield>
    <subfield code="b">LIB001</subfield>
    <subfield code="d">2014-06-27</subfield>
    <subfield code="g">189.00</subfield>
    <subfield code="l">0</subfield>
    <subfield code="o">621.312</subfield>
    <subfield code="p">5745</subfield>
    <subfield code="r">2014-06-27 00:00:00</subfield>
    <subfield code="t">1</subfield>
    <subfield code="v">428.00</subfield>
    <subfield code="w">2014-06-27</subfield>
    <subfield code="y">EE</subfield>
  </datafield>
  <datafield tag="952" ind1=" " ind2=" ">
    <subfield code="0">0</subfield>
    <subfield code="1">0</subfield>
    <subfield code="2">ddc</subfield>
    <subfield code="4">0</subfield>
    <subfield code="7">0</subfield>
    <subfield code="a">LIB001</subfield>
    <subfield code="b">LIB001</subfield>
    <subfield code="d">2014-06-27</subfield>
    <subfield code="g">189.00</subfield>
    <subfield code="l">0</subfield>
    <subfield code="o">621.312</subfield>
    <subfield code="p">5746</subfield>
    <subfield code="r">2014-06-27 00:00:00</subfield>
    <subfield code="t">1</subfield>
    <subfield code="v">428.00</subfield>
    <subfield code="w">2014-06-27</subfield>
    <subfield code="y">EE</subfield>
  </datafield>
  <datafield tag="952" ind1=" " ind2=" ">
    <subfield code="0">0</subfield>
    <subfield code="1">0</subfield>
    <subfield code="2">ddc</subfield>
    <subfield code="4">0</subfield>
    <subfield code="7">1</subfield>
    <subfield code="8">REF</subfield>
    <subfield code="a">LIB001</subfield>
    <subfield code="b">LIB001</subfield>
    <subfield code="d">2014-06-27</subfield>
    <subfield code="g">189.00</subfield>
    <subfield code="o">621.312</subfield>
    <subfield code="p">5747</subfield>
    <subfield code="r">2014-06-27 00:00:00</subfield>
    <subfield code="t">1</subfield>
    <subfield code="v">428.00</subfield>
    <subfield code="w">2014-06-27</subfield>
    <subfield code="y">EE</subfield>
  </datafield>
</record>
